000 00968nam a22002177a 4500
999 _c2131
_d2131
005 20251125232742.0
008 s2528 th tha d
040 _aNALT
041 _atha
050 _aDS570.6.C45 ป236ก
100 0 _aปิยะรังสิต รังสิต, หม่อมเจ้า
245 1 0 _aเกิดวังไม้ เรื่องวังสมเด็จกรมพระยาชัยนาทนเรนทร
260 3 _aกรุงเทพฯ :
_bโรงพิมพ์อักษรไทย,
_c2528
300 _a108 หน้า :
_b ภาพประกอบ
650 0 4 _aชัยนาทนเรนทร, สมเด็จพระเจ้าบรมวงศ์เธอ กรมพระ
650 0 4 _aวัง
650 0 4 _aสถาปัตยกรรม -- ไทย
850 _aNALT
856 4 0 _uhttps://hdl.handle.net/20.500.14156/361810
_71
942 _cGB
_2lcc